[Event "Titled Tuesday intern op 13th Feb Early"]
[Site "Chess.com INT"]
[Date "2024.02.13"]
[Round "7"]
[White "Manukian, Artak"]
[Black "Rozhkov, Viacheslav"]
[Result "1-0"]
[WhiteElo "2196"]
[BlackElo "2145"]
[PlyCount "163"]
[EventDate "2024.02.13"]
[EventType "swiss (blitz)"]
[EventRounds "11"]
[EventCountry "USA"]
[SourceTitle "CB08_2024"]
[SourceDate "2024.02.21"]
[SourceVersion "1"]
[SourceVersionDate "2024.02.21"]
[SourceQuality "1"]

1. e4 e6 2. d4 d5 3. e5 c5 4. c3 Qb6 5. Nf3 Nc6 6. a3 c4 7. Nbd2 Na5 8. g3 Bd7 9. Bh3 Ne7 10. 0-0 0-0-0 11. Ng5 Be8 12. f4 h6 13. Ngf3 f5 14. exf6 gxf6 15. Re1 Bd7 16. Qe2 Nf5 17. Bxf5 exf5 18. Nh4 Bd6 19. Qh5 Rde8 20. Rf1 Nb3 21. Nxb3 Qxb3 22. Nxf5 Bc7 23. Ne3 Bc6 24. Qd1 Qb6 25. Re1 Re4 26. Ng2 Rhe8 27. Rxe4 Rxe4 28. Ne3 Bd6 29. Rb1 Qc7 30. Qg4+ Kb8 31. Bd2 a6 32. Re1 Qb6 33. Bc1 Qd8 34. Ng2 Qe7 35. Bd2 Rxe1+ 36. Bxe1 Qe4 37. Kf1 Qb1 38. Qe2 Bd7 39. Ne3 Bh3+ 40. Kf2 Qe4 41. Qf3 Qb1 42. Nxd5 Qxb2+ 43. Qe2 Qb1 44. Nxf6 Bxa3 45. d5 Bc5+ 46. Kf3 Qf5 47. Qe5+ Ka7 48. Qxf5 Bxf5 49. Bf2 Bxf2 50. Kxf2 a5 51. d6 Kb6 52. d7 Kc7 53. Ke3 Bxd7 54. Kd4 Be6 55. Kc5 b6+ 56. Kb5 Kb7 57. g4 Kc7 58. g5 hxg5 59. fxg5 Bf7 60. h4 Kd6 61. Kxb6 a4 62. Ne4+ Ke5 63. Nd2 a3 64. g6 Bg8 65. Nf3+ Kf6 66. Nd4 a2 67. Nc2 Kxg6 68. Kc5 Kh5 69. Kb4 Kxh4 70. Ka3 Kg4 71. Kxa2 Kf4 72. Kb2 Ke4 73. Nd4 Kd3 74. Nc6 Bf7 75. Ne5+ Ke4 76. Nxf7 Kd5 77. Ng5 Kc5 78. Nf3 Kb5 79. Nd4+ Kc5 80. Ka3 Kd5 81. Kb4 Kd6 82. Kxc4 1-0

[Event "Titled Tuesday intern op 13th Feb Early"]
[Site "Chess.com INT"]
[Date "2024.02.13"]
[Round "3"]
[White "Shapiro, Viktor"]
[Black "Rozhkov, Viacheslav"]
[Result "1-0"]
[WhiteElo "2113"]
[BlackElo "2145"]
[PlyCount "95"]
[EventDate "2024.02.13"]
[EventType "swiss (blitz)"]
[EventRounds "11"]
[EventCountry "USA"]
[SourceTitle "CB08_2024"]
[SourceDate "2024.02.21"]
[SourceVersion "1"]
[SourceVersionDate "2024.02.21"]
[SourceQuality "1"]

1. c4 e5 2. Nc3 Nf6 3. g3 d5 4. cxd5 Nxd5 5. Bg2 Nb6 6. Nf3 Nc6 7. 0-0 Be7 8. e3 0-0 9. d4 exd4 10. Nxd4 Nxd4 11. exd4 c6 12. a4 Be6 13. a5 Nd5 14. a6 b6 15. Re1 Rc8 16. Rxe6 fxe6 17. Bh3 Rf6 18. Ne4 Rg6 19. f4 c5 20. f5 exf5 21. Bxf5 cxd4 22. Qxd4 Bc5 23. Nxc5 Rxc5 24. Bxg6 hxg6 25. b4 Rc2 26. Bb2 Qd7 27. Rd1 Qf7 28. Qxd5 Qxd5 29. Rxd5 Rxb2 30. b5 Kh7 31. h4 Kg8 32. Kf1 Kf7 33. Rd7+ Kf6 34. Rxa7 Rxb5 35. Rb7 Kf5 36. Rxg7 Ra5 37. a7 b5 38. Ke2 b4 39. Kd3 Kf6 40. Rb7 Kf5 41. Rb5+ Rxb5 42. a8Q b3 43. Qf8+ Kg4 44. Qf4+ Kh3 45. Qf1+ Kg4 46. Kc3 Rb6 47. Qe2+ Kxg3 48. Qe3+ 1-0

[Event "Titled Tuesday intern op 26th Sep Early"]
[Site "Chess.com INT"]
[Date "2023.09.26"]
[Round "10"]
[White "Belov, Alexei"]
[Black "Rozhkov, Viacheslav"]
[Result "1-0"]
[WhiteElo "2421"]
[BlackElo "2145"]
[PlyCount "105"]
[EventDate "2023.09.26"]
[EventType "swiss (blitz)"]
[EventRounds "11"]
[EventCountry "USA"]
[SourceTitle "EXT 2024"]
[Source "ChessBase"]
[SourceDate "2023.10.10"]
[SourceVersion "1"]
[SourceVersionDate "2023.10.10"]
[SourceQuality "1"]

1. e4 e6 2. d4 d5 3. Nd2 c5 4. Ngf3 cxd4 5. exd5 Qxd5 6. Bc4 Qd6 7. 0-0 Nf6 8. Nb3 Nc6 9. Nfxd4 Nxd4 10. Qxd4 Qxd4 11. Nxd4 Bc5 12. Rd1 0-0 13. Be2 Rd8 14. Be3 Nd5 15. Nxe6 Bxe6 16. Bxc5 Rac8 17. Ba3 Rxc2 18. Bf3 b6 19. Rd3 Rdc8 20. Rad1 Nf6 21. Rd8+ Ne8 22. h3 g6 23. Bb7 Rxd8 24. Rxd8 Bxa2 25. Rxe8+ Kg7 26. Bb4 Be6 27. Bc3+ Kh6 28. Rd8 b5 29. Bd5 Bxd5 30. Rxd5 b4 31. Bxb4 Rxb2 32. Bd2+ g5 33. Bxg5+ Kg6 34. Be3 a5 35. Rxa5 Rb3 36. h4 Rb4 37. h5+ Kf6 38. Kh2 Rh4+ 39. Kg3 Rh1 40. Kg4 Rg1 41. g3 Rh1 42. Ra6+ Ke5 43. Bf4+ Ke4 44. f3+ Kd3 45. Rf6 h6 46. Rxf7 Ke2 47. Re7+ Kf2 48. Bxh6 Ra1 49. Be3+ Kg2 50. h6 Ra4+ 51. Bf4 Ra6 52. h7 Rg6+ 53. Kh5 1-0

[Event "Titled Tuesday intern op 26th Sep Early"]
[Site "Chess.com INT"]
[Date "2023.09.26"]
[Round "8"]
[White "Rozhkov, Viacheslav"]
[Black "Chan, Luis"]
[Result "1-0"]
[WhiteElo "2145"]
[BlackElo "2147"]
[PlyCount "65"]
[EventDate "2023.09.26"]
[EventType "swiss (blitz)"]
[EventRounds "11"]
[EventCountry "USA"]
[SourceTitle "EXT 2024"]
[Source "ChessBase"]
[SourceDate "2023.10.10"]
[SourceVersion "1"]
[SourceVersionDate "2023.10.10"]
[SourceQuality "1"]

1. e4 e6 2. d4 d5 3. e5 c5 4. c3 Qb6 5. Nf3 Nc6 6. a3 Nh6 7. b4 cxd4 8. cxd4 Nf5 9. Be3 f6 10. b5 Na5 11. Bd3 Nxe3 12. fxe3 Bd7 13. Nc3 Nc4 14. Bxc4 dxc4 15. 0-0 Be7 16. Rb1 0-0 17. Qe2 Rac8 18. exf6 Bxf6 19. Na4 Qd6 20. Nc5 b6 21. Ne4 Qxa3 22. Nxf6+ gxf6 23. Ra1 Qd3 24. Qf2 Rc7 25. Qg3+ Qg6 26. Qxc7 Bxb5 27. Rxa7 c3 28. Ne5 Qh6 29. Ng4 Qg6 30. Nxf6+ Rxf6 31. Ra8+ Be8 32. Rxf6 Qb1+ 33. Rf1 1-0

[Event "Titled Tuesday intern op 22nd Aug Early"]
[Site "Chess.com INT"]
[Date "2023.08.22"]
[Round "1"]
[White "Leiva Rodriguez, Jeammarco Giuseppe"]
[Black "Rozhkov, Viacheslav"]
[Result "1-0"]
[WhiteElo "2380"]
[BlackElo "2145"]
[PlyCount "143"]
[EventDate "2023.08.22"]
[EventType "swiss (blitz)"]
[EventRounds "11"]
[EventCountry "USA"]
[SourceTitle "EXT 2024"]
[Source "ChessBase"]
[SourceDate "2023.10.10"]
[SourceVersion "1"]
[SourceVersionDate "2023.10.10"]
[SourceQuality "1"]

1. e4 c5 2. Nf3 e6 3. c3 d5 4. e5 Nc6 5. d4 Qb6 6. Be2 Nge7 7. dxc5 Qxc5 8. b4 Qb6 9. b5 Na5 10. Be3 Qc7 11. Nbd2 Bd7 12. Bd4 Nf5 13. 0-0 Be7 14. Rc1 0-0 15. Bd3 Nc4 16. Nxc4 dxc4 17. Bxf5 exf5 18. a4 Be6 19. Qc2 a6 20. b6 Qc6 21. Be3 Rad8 22. Nd4 Qc8 23. Rfd1 f6 24. Bf4 g5 25. exf6 Bxf6 26. Bc7 Rde8 27. Re1 Bd7 28. a5 Kg7 29. Qd2 Rxe1+ 30. Rxe1 Re8 31. Rd1 Ba4 32. Ra1 Qd7 33. h3 Bc6 34. Rd1 Ba4 35. Re1 Rxe1+ 36. Qxe1 Bc6 37. Be5 Qd5 38. Bxf6+ Kxf6 39. f3 Bd7 40. h4 h6 41. hxg5+ hxg5 42. Qa1 Qe5 43. Qa3 Qe3+ 44. Kf1 Qd3+ 45. Kf2 Qd2+ 46. Ne2 Be6 47. Qf8+ Bf7 48. Qc5 Qd7 49. Nd4 Be6 50. g3 g4 51. f4 Qd5 52. Qxd5 Bxd5 53. Ke3 Be4 54. Ne2 Ke6 55. Kd4 Bd3 56. Nc1 Bf1 57. Na2 Kd6 58. Nb4 Be2 59. Nc2 Bf1 60. Ne3 Bd3 61. Nxc4+ Kc6 62. Kxd3 Kb5 63. Kd4 Ka4 64. Kc5 Kb3 65. Nd6 Ka4 66. Nc4 Kb3 67. Nd6 Ka4 68. Nxb7 Kb3 69. Nd6 Ka4 70. b7 Kxa5 71. b8Q Ka4 72. Qb4# 1-0

[Event "Titled Tuesday intern op 15th Aug Early"]
[Site "Chess.com INT"]
[Date "2023.08.15"]
[Round "6"]
[White "Vila Dupla, Aurelio"]
[Black "Rozhkov, Viacheslav"]
[Result "1/2-1/2"]
[WhiteElo "2030"]
[BlackElo "2145"]
[PlyCount "86"]
[EventDate "2023.08.15"]
[EventType "swiss (blitz)"]
[EventRounds "11"]
[EventCountry "USA"]
[SourceTitle "EXT 2024"]
[Source "ChessBase"]
[SourceDate "2023.10.10"]
[SourceVersion "1"]
[SourceVersionDate "2023.10.10"]
[SourceQuality "1"]

1. Nf3 Nf6 2. d4 d5 3. c4 dxc4 4. e3 Bg4 5. Bxc4 e6 6. Qb3 Bd6 7. Ne5 b6 8. Bb5+ Kf8 9. 0-0 Bf5 10. Nc6 Nxc6 11. Bxc6 Rb8 12. Nc3 h5 13. h3 Bh2+ 14. Kh1 Qd6 15. Bf3 g5 16. e4 g4 17. e5 Bxe5 18. dxe5 Qxe5 19. Qb4+ c5 20. Bf4 cxb4 21. Bxe5 gxf3 22. Bxf6 fxg2+ 23. Kxg2 Rg8+ 24. Kh2 bxc3 25. Bxc3 Rd8 26. Rad1 Rxd1 27. Rxd1 Ke7 28. Be5 Be4 29. Rg1 Rxg1 30. Kxg1 f6 31. Bc3 Bd5 32. a3 f5 33. f4 Kd6 34. Kf2 Kc5 35. Ke3 Kc4 36. h4 Be4 37. Be5 Kd5 38. Bf6 a6 39. Be5 b5 40. Bf6 Kc4 41. Be5 Kd5 42. Bf6 Kc4 43. Be5 Kd5 1/2-1/2

[Event "Titled Tuesday intern op 08th Aug Early"]
[Site "Chess.com INT"]
[Date "2023.08.08"]
[Round "6"]
[White "Zaksaite, Salomeja"]
[Black "Rozhkov, Viacheslav"]
[Result "1-0"]
[WhiteElo "2217"]
[BlackElo "2145"]
[PlyCount "109"]
[EventDate "2023.08.08"]
[EventType "swiss (blitz)"]
[EventRounds "11"]
[EventCountry "USA"]
[SourceTitle "EXT 2024"]
[Source "ChessBase"]
[SourceDate "2023.10.10"]
[SourceVersion "1"]
[SourceVersionDate "2023.10.10"]
[SourceQuality "1"]

1. e4 c5 2. Nf3 Nc6 3. Bb5 e6 4. 0-0 Nge7 5. Re1 a6 6. Bf1 Ng6 7. d4 cxd4 8. Nxd4 Be7 9. c4 0-0 10. Nc3 d6 11. b3 e5 12. Nf5 Bxf5 13. exf5 Nh4 14. Qg4 Nd4 15. Bd3 Bf6 16. Nd5 Kh8 17. Nxf6 Qxf6 18. Bg5 Qxg5 19. Qxg5 Nhf3+ 20. gxf3 Nxf3+ 21. Kg2 Nxg5 22. h4 e4 23. hxg5 exd3 24. Rad1 Rfe8 25. Rxe8+ Rxe8 26. Rxd3 Rd8 27. Kf3 Kg8 28. c5 d5 29. b4 Kf8 30. f6 h6 31. gxh6 gxh6 32. Kf4 Ke8 33. Ke5 Rd7 34. Rxd5 Rxd5+ 35. Kxd5 Kd7 36. a4 h5 37. Ke5 h4 38. Kf4 Ke6 39. b5 axb5 40. axb5 Kd5 41. c6 bxc6 42. bxc6 Kxc6 43. Kg4 Kd6 44. Kxh4 Ke6 45. Kg5 Ke5 46. f3 Kd6 47. Kh6 Ke5 48. Kg7 Ke6 49. f4 Kf5 50. Kxf7 Kxf4 51. Ke7 Ke5 52. f7 Kf5 53. f8Q+ Kg6 54. Qf7+ Kg5 55. Qf6+ 1-0

[Event "Titled Tuesday intern op 04th Jul Early"]
[Site "Chess.com INT"]
[Date "2023.07.04"]
[Round "8"]
[White "Ljukin, Sergei"]
[Black "Rozhkov, Viacheslav"]
[Result "1/2-1/2"]
[WhiteElo "2362"]
[BlackElo "2145"]
[PlyCount "114"]
[EventDate "2023.07.04"]
[EventType "swiss (blitz)"]
[EventRounds "11"]
[EventCountry "USA"]
[SourceTitle "EXT 2024"]
[Source "ChessBase"]
[SourceDate "2023.10.10"]
[SourceVersion "1"]
[SourceVersionDate "2023.10.10"]
[SourceQuality "1"]

1. e4 c5 2. Nf3 Nc6 3. d4 cxd4 4. Nxd4 Nf6 5. Nc3 e6 6. Nxc6 bxc6 7. e5 Nd5 8. Ne4 Qc7 9. f4 Rb8 10. Be2 Be7 11. 0-0 0-0 12. Kh1 f5 13. Nd6 Bxd6 14. exd6 Qb6 15. Rf3 Ba6 16. c4 Nf6 17. b3 Ng4 18. Qe1 Qd4 19. Bd2 Qxd6 20. h3 Nf6 21. Bc3 c5 22. Rd1 Qc6 23. Rfd3 Rbe8 24. Bf3 Qb6 25. Bxf6 Rxf6 26. Rxd7 Bc8 27. R7d6 Qc7 28. Qe5 Rff8 29. Qb2 Rd8 30. Qd2 Rxd6 31. Qxd6 Qa5 32. a4 Qb4 33. Rd3 Qe1+ 34. Kh2 Qf2 35. Rd1 Qe3 36. Rd3 Qf2 37. Qe5 Qc2 38. Qe3 h6 39. Rd6 Kh7 40. Qxc5 Qxb3 41. Rc6 Bb7 42. Qxf8 Bxc6 43. Bxc6 Qxc4 44. Bf3 Qxf4+ 45. Kg1 Qe3+ 46. Kh2 Qf4+ 47. Kg1 Qe3+ 48. Kf1 Qc1+ 49. Kf2 Qd2+ 50. Kg3 Qg5+ 51. Kf2 Qd2+ 52. Be2 Qf4+ 53. Ke1 Qc1+ 54. Kf2 Qf4+ 55. Kg1 Qe3+ 56. Kf1 Qc1+ 57. Kf2 Qf4+ 1/2-1/2